Analýza vývoja hodnoty pridanej spracovaním vo vybraných odvetviach hospodárstva SR
Vplyv tvorby pridanej hodnoty v jednotlivých odvetviach v rámci klasifikácie ekonomických činností. Hodnota a prírastky tvorby pridanej hodnoty v týchto odvetviach sa premietajú do celkovej tvorby hrubého domáceho produktu, preto zaoberať sa analýzou tohto ukazovateľa je z národohospodárskeho hľadis...
Gespeichert in:
| 1. Verfasser: | |
|---|---|
| Format: | Buchkapitel |
| Sprache: | Slowakisch |
| Schlagworte: | |
| Tags: |
Keine Tags, Fügen Sie das erste Tag hinzu!
|
MARC
| LEADER | 00000nla$a2200000$$$4500 | ||
|---|---|---|---|
| 001 | 0068018 | ||
| 005 | 20240502071822.4 | ||
| 041 | 0 | |a slo | |
| 044 | |a SK | ||
| 245 | 1 | 0 | |a Analýza vývoja hodnoty pridanej spracovaním vo vybraných odvetviach hospodárstva SR |c Miroslava Havettová |
| 520 | |a Vplyv tvorby pridanej hodnoty v jednotlivých odvetviach v rámci klasifikácie ekonomických činností. Hodnota a prírastky tvorby pridanej hodnoty v týchto odvetviach sa premietajú do celkovej tvorby hrubého domáceho produktu, preto zaoberať sa analýzou tohto ukazovateľa je z národohospodárskeho hľadiska pre následnú tvorbu predikcií nevyhnutné. Pridaná hodnota v jednotlivých odvetviach v SR - v odvetví priemyselnej výroby, výroby elektriny, plynu a vody, v odvetví stavebníctvo a v odvetví hotely a reštaurácie. Medziročný rast pridanej hodnoty podľa OKEČ. Riešenie súčasných problémov v odvetviach slovenskej ekonomiky je zníženie energetickej náročnosti, nasadzovanie dostatočne vyspelej technológie, zvýšenie produktivity práce, zníženie materiálovej náročnosti a zníženie podielu medzispotreby na hrubej produkcii. Nevyhnutným je tiež zvýšenie výdavkov na vedu a výskum a zavádzanie nových technológií. | ||
| 610 | 2 | 0 | |a produkt domáci hrubý |
| 610 | 2 | 0 | |a hodnota pridaná spracovaním |
| 610 | 2 | 0 | |a priemysel |
| 610 | 2 | 0 | |a OKEČ |
| 100 | 1 | |a Havettová, Miroslava | |